[Event "II Torneo Banco di Roma"]
[Site "Roma ITA"]
[Date "1977.12.??"]
[Round "?"]
[White "Bellon Lopez, Juan Manuel"]
[Black "Tatai, Stefano"]
[Result "0-1"]
[WhiteElo "2415"]
[BlackElo "2480"]
[PlyCount "154"]
[EventDate "1977.12.04"]

1. e4 e5 2. Nf3 Nc6 3. d4 exd4 4. Nxd4 Bc5 5. Nb3 Bb6 6. Nc3 Qf6 7. Qe2 Nge7 8.
h4 h6 9. Nd5 Nxd5 10. exd5+ Ne7 11. Rh3 d6 12. Rf3 Qg6 13. Rf4 f5 14. Bd2 O-O
15. c4 Re8 16. h5 Qf7 17. Be3 g5 18. hxg6 Nxg6 19. g3 Nxf4 20. gxf4 Bd7 21. c5
dxc5 22. O-O-O c4 23. Nd2 c3 24. Nf3 Qf6 25. Ne5 Rxe5 26. fxe5 Qxe5 27. Bxh6
cxb2+ 28. Qxb2 Qxb2+ 29. Kxb2 Bxf2 30. d6 cxd6 31. Rxd6 Bc6 32. Bd3 Be4 33.
Bxe4 fxe4 34. Re6 Bd4+ 35. Kb3 Kf7 36. Rxe4 Bf6 37. Rc4 Kg6 38. Be3 Kf5 39. Rc7
Ke4 40. Bf2 b6 41. a4 Be5 42. Rd7 Rf8 43. Bh4 a6 44. Bd8 Rf2 45. Bc7 Rf3+ 46.
Ka2 Rf2+ 47. Ka3 Rf3+ 48. Ka2 Bd4 49. Rxd4+ Kxd4 50. Bxb6+ Kc3 51. a5 Kc2 52.
Ba7 Kc3 53. Bb6 Rh3 54. Ka3 Kc4+ 55. Ka2 Rh2+ 56. Ka3 Kb5 57. Kb3 Rh3+ 58. Kb2
Kb4 59. Kc2 Rc3+ 60. Kb2 Rc8 61. Ka2 Rc2+ 62. Kb1 Kb3 63. Ba7 Rh2 64. Kc1 Kc3
65. Kd1 Rd2+ 66. Ke1 Kd3 67. Bb6 Rh2 68. Bd8 Rh1+ 69. Kf2 Rh8 70. Bb6 Re8 71.
Kf1 Kd2 72. Bc5 Re5 73. Bb4+ Kd3 74. Kf2 Rb5 75. Be1 Rf5+ 76. Kg3 Ke2 77. Kg4
Rc5 0-1

[Event "II Torneo Banco di Roma"]
[Site "Roma ITA"]
[Date "1977.12.??"]
[Round "?"]
[White "Bellon Lopez, Juan Manuel"]
[Black "Trabattoni, Franco"]
[Result "1-0"]
[WhiteElo "2415"]
[BlackElo "2265"]
[PlyCount "63"]
[EventDate "1977.12.04"]

1. e4 c5 2. Nf3 Nc6 3. d4 cxd4 4. Nxd4 Nf6 5. Nc3 d6 6. Be2 e6 7. f4 Be7 8. Be3
a6 9. O-O Qc7 10. Qe1 O-O 11. Qg3 Nxd4 12. Bxd4 b5 13. a3 Bb7 14. Kh1 g6 15.
Bf3 d5 16. Be5 Qc5 17. b4 Qa7 18. exd5 Nxd5 19. f5 Nxc3 20. f6 Bxf3 21. fxe7
Qxe7 22. Bxc3 Bxg2+ 23. Kxg2 Rac8 24. Qe5 f6 25. Rxf6 Rxf6 26. Qxf6 Qxf6 27.
Bxf6 Rxc2+ 28. Kg3 h6 29. a4 Kf7 30. axb5 axb5 31. Bd4 g5 32. Rf1+ 1-0

[Event "II Torneo Banco di Roma"]
[Site "Roma ITA"]
[Date "1977.12.??"]
[Round "?"]
[White "Forintos, Gyozo Victor"]
[Black "Ostojic, Predrag"]
[Result "1-0"]
[WhiteElo "2450"]
[BlackElo "2480"]
[PlyCount "51"]
[EventDate "1977.12.04"]

1. c4 Nf6 2. Nc3 c5 3. Nf3 e6 4. g3 Nc6 5. Bg2 d5 6. cxd5 Nxd5 7. O-O Be7 8. d4
Nxc3 9. bxc3 O-O 10. Rb1 Qa5 11. Qc2 h6 12. Bf4 cxd4 13. Nxd4 Qc5 14. Nxc6 bxc6
15. Qa4 Bd7 16. Rfd1 Be8 17. c4 Qf5 18. Qb3 e5 19. Qb7 exf4 20. Qxa8 Bc5 21.
gxf4 Qxf4 22. e3 Qe5 23. Qb8 Qe6 24. Rd8 Kh7 25. Qf4 f5 26. Rbb8 1-0

[Event "II Torneo Banco di Roma"]
[Site "Roma ITA"]
[Date "1977.12.??"]
[Round "?"]
[White "Mariotti, Sergio"]
[Black "Vaganian, Rafael A."]
[Result "1/2-1/2"]
[WhiteElo "2490"]
[BlackElo "2545"]
[PlyCount "60"]
[EventDate "1977.12.04"]

1. d4 Nf6 2. c4 c5 3. Nf3 cxd4 4. Nxd4 e5 5. Nb5 d5 6. cxd5 Bc5 7. e3 O-O 8.
N5c3 e4 9. Nd2 Bf5 10. Nb3 Bd6 11. Be2 a6 12. Nd4 Bg6 13. g4 h6 14. h4 Nbd7 15.
Bd2 Ne5 16. Rg1 Nfd7 17. h5 Bh7 18. Qc2 Nc5 19. O-O-O Rc8 20. Kb1 Qf6 21. Nf5
Rfe8 22. Ka1 Ned3 23. f4 Bxf5 24. gxf5 Nb4 25. Qb1 Bf8 26. Be1 Ncd3 27. Bxd3
exd3 28. Rxd3 Bc5 29. Bf2 b5 30. Rd2 Bxe3 1/2-1/2

[Event "II Torneo Banco di Roma"]
[Site "Roma ITA"]
[Date "1977.12.??"]
[Round "?"]
[White "Mariotti, Sergio"]
[Black "Valenti, Giuseppe"]
[Result "1-0"]
[WhiteElo "2490"]
[BlackElo "2240"]
[PlyCount "79"]
[EventDate "1977.12.04"]

1. d4 Nf6 2. Nf3 g6 3. g3 Bg7 4. Bg2 d6 5. O-O O-O 6. b3 Nbd7 7. Bb2 e5 8. dxe5
Ng4 9. c4 Ngxe5 10. Nxe5 Nxe5 11. Nc3 Ng4 12. h3 Nf6 13. Qd2 Re8 14. e4 Bd7 15.
Rfe1 Bc6 16. b4 a6 17. a4 Re7 18. a5 Qe8 19. f3 Rb8 20. Bf1 b6 21. b5 axb5 22.
cxb5 Ba8 23. axb6 Rxb6 24. Bc4 Rb8 25. Kg2 Rd8 26. Ba3 Nd7 27. Nd5 Bxd5 28.
Bxd5 Bxa1 29. Rxa1 Nf6 30. Bc6 Qf8 31. Bb2 Ne8 32. Ra7 h6 33. Qd4 Kh7 34. b6 f6
35. b7 Re5 36. Ra8 Ng7 37. Qa7 Rc5 38. Rxd8 Qxd8 39. Qa8 Rc2+ 40. Kg1 1-0

[Event "II Torneo Banco di Roma"]
[Site "Roma ITA"]
[Date "1977.12.??"]
[Round "?"]
[White "Mikhalchishin, Adrian B."]
[Black "Passerotti, Pierluigi"]
[Result "1-0"]
[WhiteElo "2435"]
[BlackElo "2380"]
[PlyCount "83"]
[EventDate "1977.12.04"]

1. Nf3 Nf6 2. c4 g6 3. g3 Bg7 4. Bg2 d5 5. cxd5 Nxd5 6. d4 O-O 7. O-O Nc6 8. e4
Nb6 9. d5 Na5 10. Nc3 c6 11. Bg5 h6 12. Bf4 cxd5 13. Nxd5 Nxd5 14. exd5 Nc4 15.
Qc1 b5 16. Bxh6 Bxb2 17. Qd1 Bb7 18. Rb1 Qxd5 19. Bxf8 Qxd1 20. Rfxd1 Kxf8 21.
Nd2 Bxg2 22. Kxg2 Bh8 23. Ne4 f5 24. Nc5 Nd6 25. Ne6+ Kf7 26. Nc7 Rb8 27. a4 b4
28. Na6 Rc8 29. Nxb4 a5 30. Nd5 Rc4 31. Rbc1 Rxa4 32. Rc7 Re4 33. Ra7 Nc4 34.
h4 Bf6 35. Kf1 f4 36. Nxf4 Bxh4 37. Nd5 Bf6 38. Rd3 Nb2 39. Rf3 Ke6 40. Nxf6
exf6 41. Ra6+ Ke7 42. Ra7+ 1-0

[Event "II Torneo Banco di Roma"]
[Site "Roma ITA"]
[Date "1977.12.??"]
[Round "?"]
[White "Mikhalchishin, Adrian B."]
[Black "Pfleger, Helmut"]
[Result "1-0"]
[WhiteElo "2435"]
[BlackElo "2540"]
[PlyCount "59"]
[EventDate "1977.12.04"]

1. Nf3 Nf6 2. c4 c5 3. Nc3 g6 4. d4 cxd4 5. Nxd4 Bg7 6. g3 O-O 7. Bg2 d6 8. O-O
Nbd7 9. b3 a6 10. Bb2 Rb8 11. Rc1 Nc5 12. Qd2 Bd7 13. Rfd1 Re8 14. Nd5 Nfe4 15.
Qc2 f5 16. b4 Na4 17. Ba1 Ng5 18. c5 Rc8 19. c6 bxc6 20. Qxa4 cxd5 21. Bxd5+ e6
22. Bc6 Bxc6 23. Nxc6 Qd7 24. Bxg7 Qxg7 25. Rxd6 Ne4 26. Rd3 Qb7 27. Rc4 Kg7
28. Qc2 Rc7 29. Na5 Rxc4 30. Qb2+ 1-0

[Event "II Torneo Banco di Roma"]
[Site "Roma ITA"]
[Date "1977.12.??"]
[Round "?"]
[White "Mikhalchishin, Adrian B."]
[Black "Toth, Bela"]
[Result "1/2-1/2"]
[WhiteElo "2435"]
[BlackElo "2440"]
[PlyCount "96"]
[EventDate "1977.12.04"]

1. Nf3 Nf6 2. c4 b6 3. g3 Bb7 4. Bg2 e6 5. O-O Be7 6. d4 O-O 7. Nc3 Ne4 8. Qc2
Nxc3 9. Qxc3 c5 10. Rd1 d6 11. b3 Bf6 12. Bb2 Qe7 13. Qc2 Nc6 14. e4 g6 15. d5
Nb4 16. Bxf6 Qxf6 17. Qd2 exd5 18. exd5 Bc8 19. a3 Na6 20. Ng5 Bf5 21. Qf4 Kg7
22. g4 h6 23. h4 Rae8 24. gxf5 hxg5 25. hxg5 Qxf5 26. Qxd6 Qxg5 27. Re1 Qf6 28.
Qg3 Nb8 29. d6 Rxe1+ 30. Rxe1 Rd8 31. Rd1 Nd7 32. b4 Nf8 33. bxc5 bxc5 34. Bh3
Nh7 35. Rd5 Qa1+ 36. Kg2 Nf6 37. Rxc5 Ne4 38. Qe5+ Qxe5 39. Rxe5 Nxd6 40. c5
Nc4 41. Re7 Rd5 42. c6 Rc5 43. Rxa7 Rxc6 44. a4 Rc5 45. Be6 Ne5 46. a5 Kh6 47.
Bxf7 Nxf7 48. Rxf7 Rxa5 1/2-1/2

[Event "II Torneo Banco di Roma"]
[Site "Roma ITA"]
[Date "1977.12.??"]
[Round "?"]
[White "Mikhalchishin, Adrian B."]
[Black "Vaganian, Rafael A."]
[Result "1/2-1/2"]
[WhiteElo "2435"]
[BlackElo "2545"]
[PlyCount "124"]
[EventDate "1977.12.04"]

1. Nf3 Nf6 2. d4 g6 3. c4 Bg7 4. Nc3 d5 5. Bg5 Ne4 6. Bh4 c5 7. cxd5 Nxc3 8.
bxc3 Qxd5 9. e3 cxd4 10. cxd4 Nc6 11. Be2 O-O 12. O-O b6 13. Qa4 Bb7 14. Rac1
Rac8 15. Bb5 e5 16. Bxc6 Bxc6 17. Qxa7 g5 18. Bg3 g4 19. Rxc6 Qxc6 20. Nxe5
Bxe5 21. Bxe5 f6 22. Bf4 Ra8 23. Qc7 Rfc8 24. Qe7 b5 25. a3 Re8 26. Qd6 Re6 27.
Qb4 Kf7 28. Qb1 Qe4 29. Qxb5 Rxa3 30. Qd7+ Kg6 31. d5 Rea6 32. Qxg4+ Kf7 33.
Qd7+ Kg6 34. Qg4+ Kf7 35. Qd7+ Kg6 36. h4 h5 37. Kh2 Ra7 38. Qc6 R3a6 39. Qc5
Ra5 40. Qf8 Qxd5 41. Qh6+ Kf7 42. Rc1 Qf5 43. Qh8 Qg4 44. Bg3 Qg8 45. Qh6 Qg6
46. Qf4 Qf5 47. Qb8 Kg7 48. Rc8 Qd5 49. e4 Qa8 50. Rc7+ Rxc7 51. Qxc7+ Kg8 52.
e5 fxe5 53. Bxe5 Ra7 54. Qb6 Ra6 55. Qb3+ Kf8 56. Qd3 Qa7 57. Qf5+ Ke7 58. f4
Qf2 59. Qh7+ Kf8 60. Qxh5 Rg6 61. Qh8+ Kf7 62. Qh7+ Kf8 1/2-1/2

[Event "II Torneo Banco di Roma"]
[Site "Roma ITA"]
[Date "1977.12.??"]
[Round "?"]
[White "Mikhalchishin, Adrian B."]
[Black "Valenti, Giuseppe"]
[Result "1-0"]
[WhiteElo "2435"]
[BlackElo "2240"]
[PlyCount "31"]
[EventDate "1977.12.04"]

1. d4 Nf6 2. c4 e6 3. g3 c5 4. Nf3 cxd4 5. Nxd4 Nc6 6. Bg2 Bb4+ 7. Nc3 Qb6 8.
Nb3 O-O 9. O-O Bxc3 10. c5 Qc7 11. bxc3 b6 12. Bf4 e5 13. Bg5 Ne8 14. cxb6 axb6
15. Be7 Nxe7 16. Bxa8 1-0

[Event "II Torneo Banco di Roma"]
[Site "Roma ITA"]
[Date "1977.12.??"]
[Round "?"]
[White "Ostojic, Predrag"]
[Black "Passerotti, Pierluigi"]
[Result "1-0"]
[WhiteElo "2480"]
[BlackElo "2380"]
[PlyCount "59"]
[EventDate "1977.12.04"]

1. e4 e5 2. Nf3 Nc6 3. Bb5 a6 4. Ba4 Nf6 5. O-O Nxe4 6. d4 b5 7. Bb3 d5 8. dxe5
Be6 9. Qe2 Be7 10. Rd1 Nc5 11. Nc3 Nxb3 12. cxb3 Na5 13. b4 Bxb4 14. Nxb5 Be7
15. Nbd4 c5 16. Nxe6 fxe6 17. b4 Nb7 18. bxc5 Nxc5 19. Nd4 Qd7 20. Qh5+ g6 21.
Qh6 Bf8 22. Qh3 Kf7 23. Bh6 Be7 24. Qf3+ Kg8 25. Rac1 Re8 26. h4 Na4 27. Qg4
Bf8 28. Bxf8 Kxf8 29. Nc6 Nb6 30. Qb4+ 1-0

[Event "II Torneo Banco di Roma"]
[Site "Roma ITA"]
[Date "1977.12.??"]
[Round "?"]
[White "Pfleger, Helmut"]
[Black "Bellon Lopez, Juan Manuel"]
[Result "1-0"]
[WhiteElo "2540"]
[BlackElo "2415"]
[PlyCount "71"]
[EventDate "1977.12.04"]

1. Nf3 d5 2. d4 Nf6 3. c4 dxc4 4. e3 Bg4 5. Bxc4 e6 6. Nc3 Nbd7 7. O-O Bd6 8.
e4 e5 9. dxe5 Nxe5 10. Be2 O-O 11. Bg5 h6 12. Bh4 Ng6 13. Bg3 Bxf3 14. Bxf3
Bxg3 15. hxg3 c6 16. Qxd8 Rfxd8 17. Rfd1 Kf8 18. Be2 Ke7 19. f4 Nf8 20. e5 N6d7
21. Ne4 f6 22. Nd6 fxe5 23. Nxb7 Rdb8 24. Na5 Rxb2 25. Nxc6+ Kf7 26. Bc4+ Ke8
27. Re1 Ng6 28. Rad1 Rb6 29. Be6 Nc5 30. Bd5 Rc8 31. f5 Nh8 32. Nxe5 Kf8 33.
Be6 Rcb8 34. Rc1 Nxe6 35. Nd7+ Ke7 36. Nxb8 1-0

[Event "II Torneo Banco di Roma"]
[Site "Roma ITA"]
[Date "1977.12.??"]
[Round "?"]
[White "Tatai, Stefano"]
[Black "Mariotti, Sergio"]
[Result "0-1"]
[WhiteElo "2480"]
[BlackElo "2490"]
[PlyCount "102"]
[EventDate "1977.12.04"]

1. d4 Nf6 2. c4 c5 3. d5 e6 4. Nc3 exd5 5. cxd5 d6 6. Nf3 g6 7. e4 Bg7 8. Be2
O-O 9. Nd2 Re8 10. O-O b6 11. f3 Nh5 12. Nc4 Bd4+ 13. Kh1 Ba6 14. g4 Ng7 15.
Bf4 Bxc4 16. Bxc4 a6 17. a4 g5 18. Bg3 Qe7 19. Qd3 Be5 20. Bxe5 Qxe5 21. Rf2
Re7 22. Raf1 Qf4 23. b3 Nd7 24. Ne2 Qf6 25. f4 gxf4 26. Rxf4 Qh4 27. Ng3 Ne5
28. Qe2 b5 29. axb5 axb5 30. Bxb5 Rea7 31. Qg2 Kh8 32. Be2 Ra1 33. Rxa1 Rxa1+
34. Rf1 Ra2 35. Qg1 h6 36. Rf2 Qg5 37. Qf1 Rc2 38. Rf4 Ng6 39. Rxf7 Rc1 40. Bd1
Qd2 41. Qf6 Rxd1+ 42. Nf1 Rxf1+ 43. Qxf1 Qe3 44. Qf6 Qxe4+ 45. Kg1 Qxg4+ 46.
Kf1 Ne5 47. Rf8+ Kh7 48. Qxd6 Qd1+ 49. Kg2 Qe2+ 50. Rf2 Qe4+ 51. Kf1 Ng4 0-1

[Event "II Torneo Banco di Roma"]
[Site "Roma ITA"]
[Date "1977.12.??"]
[Round "?"]
[White "Tatai, Stefano"]
[Black "Ostojic, Predrag"]
[Result "0-1"]
[WhiteElo "2480"]
[BlackElo "2480"]
[PlyCount "63"]
[EventDate "1977.12.04"]

1. Nf3 Nf6 2. c4 c5 3. d4 e6 4. Nc3 cxd4 5. Nxd4 Nc6 6. g3 Qb6 7. Nb3 Bb4 8.
Bg2 Qa6 9. Nd2 Bxc3 10. bxc3 O-O 11. O-O d5 12. Qb3 Na5 13. Qa3 b6 14. cxd5
exd5 15. c4 Nxc4 16. Nxc4 Qxc4 17. Bb2 Ne4 18. Qe3 Be6 19. f3 Nf6 20. f4 Rfe8
21. Bxf6 gxf6 22. Rfc1 Qa4 23. Qd3 Rad8 24. f5 Bc8 25. Bxd5 Ba6 26. Qd2 Qd7 27.
e4 Rxe4 28. Rd1 Qe7 29. Qc3 Re3 30. Qd4 h5 31. Rac1 Kg7 32. Qa4 0-1

[Event "II Torneo Banco di Roma"]
[Site "Roma ITA"]
[Date "1977.12.??"]
[Round "?"]
[White "Tatai, Stefano"]
[Black "Trabattoni, Franco"]
[Result "1/2-1/2"]
[WhiteElo "2480"]
[BlackElo "2265"]
[PlyCount "45"]
[EventDate "1977.12.04"]

1. d4 Nf6 2. c4 e6 3. Nf3 b6 4. g3 Bb7 5. Bg2 Be7 6. O-O O-O 7. Nc3 Ne4 8. Qc2
Nxc3 9. Qxc3 c5 10. Rd1 d6 11. b3 Bf6 12. Bb2 Nc6 13. Qc2 Qe7 14. Rd2 e5 15.
dxe5 dxe5 16. e3 e4 17. Ne1 Nb4 18. Bxf6 Qxf6 19. Qb2 Qxb2 20. Rxb2 Rad8 21. a3
Nd3 22. Nxd3 Rxd3 23. Bf1 1/2-1/2

[Event "II Torneo Banco di Roma"]
[Site "Roma ITA"]
[Date "1977.12.??"]
[Round "?"]
[White "Tatai, Stefano"]
[Black "Vaganian, Rafael A."]
[Result "1-0"]
[WhiteElo "2480"]
[BlackElo "2545"]
[PlyCount "91"]
[EventDate "1977.12.04"]

1. Nf3 Nf6 2. c4 g6 3. d4 Bg7 4. g3 O-O 5. Bg2 d6 6. Nc3 c6 7. O-O Qa5 8. h3 e5
9. e4 exd4 10. Nxd4 Qc5 11. Nb3 Qb4 12. Bf4 Ne8 13. c5 dxc5 14. a3 Qc4 15. Rc1
b6 16. Nd5 Qa6 17. Ne7+ Kh8 18. Bxb8 Rxb8 19. Nxc6 Rb7 20. e5 Be6 21. Qf3 Rc7
22. Nd2 Bh6 23. Rcd1 Ng7 24. Qf6 Qc8 25. g4 Rxc6 26. Bxc6 Qxc6 27. g5 Bxg5 28.
Qxg5 Bxh3 29. Rfe1 f6 30. exf6 Ne6 31. Qg3 Bf5 32. Nf3 Qa4 33. Rd6 Nf4 34. Ng5
Nh5 35. Nf7+ Kg8 36. Nh6+ Kh8 37. Nf7+ Kg8 38. Nh6+ Kh8 39. Qe5 Qh4 40. f7+ Ng7
41. Qe7 Qxe7 42. Rxe7 a5 43. Rxb6 Bc2 44. Rc6 Bb3 45. Rxc5 a4 46. Rce5 1-0

[Event "II Torneo Banco di Roma"]
[Site "Roma ITA"]
[Date "1977.12.??"]
[Round "?"]
[White "Toth, Bela"]
[Black "Forintos, Gyozo Victor"]
[Result "1-0"]
[WhiteElo "2440"]
[BlackElo "2450"]
[PlyCount "67"]
[EventDate "1977.12.04"]

1. d4 e6 2. c4 b6 3. Nc3 Bb7 4. e4 Bb4 5. Bd3 f5 6. Qh5+ g6 7. Qe2 Nf6 8. Bg5
h6 9. Bxf6 Qxf6 10. Nf3 c5 11. O-O Bxc3 12. bxc3 O-O 13. Rfe1 Qg7 14. Rab1 Na6
15. e5 Rac8 16. Bc2 Nb8 17. Rbd1 Qf7 18. Bb3 g5 19. d5 g4 20. Nh4 Rce8 21. g3
d6 22. Ba4 Nd7 23. Ng6 Qxg6 24. Bxd7 exd5 25. Bxe8 Rxe8 26. e6 d4 27. Qd2 Bf3
28. Rc1 Qh5 29. h4 gxh3 30. Kh2 Be4 31. Qf4 d3 32. Rcd1 Kg7 33. Rd2 Qg5 34.
Rxe4 1-0

[Event "II Torneo Banco di Roma"]
[Site "Roma ITA"]
[Date "1977.12.??"]
[Round "?"]
[White "Trabattoni, Franco"]
[Black "Forintos, Gyozo Victor"]
[Result "1/2-1/2"]
[WhiteElo "2265"]
[BlackElo "2450"]
[PlyCount "87"]
[EventDate "1977.12.04"]

1. e4 g6 2. d4 Bg7 3. Nc3 c5 4. Nf3 cxd4 5. Nxd4 Nc6 6. Be3 Nf6 7. Bc4 O-O 8.
Bb3 d6 9. f3 Bd7 10. Qd2 Nxd4 11. Bxd4 b5 12. h4 a5 13. a4 bxa4 14. Nxa4 e5 15.
Bc3 Be6 16. O-O-O Bxb3 17. cxb3 Qb8 18. Qc2 d5 19. exd5 Rd8 20. d6 Rxd6 21.
Rxd6 Qxd6 22. Rd1 Qc7 23. Kb1 Re8 24. Be1 Qe7 25. Bxa5 e4 26. fxe4 h5 27. Be1
Nxe4 28. Qc6 Rb8 29. Ka2 Kh7 30. Rd7 Qe8 31. Rc7 Qxc6 32. Rxc6 f5 33. b4 Be5
34. Rb6 Rc8 35. Rb7+ Kh6 36. Kb3 Rc1 37. Bc3 Nxc3 38. bxc3 Rg1 39. Re7 Bg3 40.
Re2 Bxh4 41. b5 Bg3 42. b6 h4 43. c4 f4 44. c5 1/2-1/2

[Event "II Torneo Banco di Roma"]
[Site "Roma ITA"]
[Date "1977.12.??"]
[Round "?"]
[White "Vaganian, Rafael A."]
[Black "Bellon Lopez, Juan Manuel"]
[Result "1/2-1/2"]
[WhiteElo "2545"]
[BlackElo "2415"]
[PlyCount "62"]
[EventDate "1977.12.04"]

1. Nf3 c5 2. c4 g6 3. e4 d6 4. d4 Bg4 5. d5 Bg7 6. Nc3 Nf6 7. Be2 O-O 8. O-O e6
9. dxe6 fxe6 10. Ng5 Bxe2 11. Nxe2 Qd7 12. e5 Ne8 13. Nf4 Rf5 14. Nfxe6 Rxe5
15. Nxg7 Nxg7 16. f4 Rf5 17. b3 Nc6 18. g4 Rff8 19. Bb2 Rae8 20. f5 Nd4 21.
Bxd4 cxd4 22. Qxd4 gxf5 23. Rad1 Qe7 24. Nf3 fxg4 25. Qxg4 Qe3+ 26. Kh1 Re4 27.
Qg3 Ref4 28. Rde1 Qd3 29. Rd1 Qe4 30. Rde1 Qd3 31. Rd1 Qe4 1/2-1/2

[Event "II Torneo Banco di Roma"]
[Site "Roma ITA"]
[Date "1977.12.??"]
[Round "?"]
[White "Vaganian, Rafael A."]
[Black "Forintos, Gyozo Victor"]
[Result "1-0"]
[WhiteElo "2545"]
[BlackElo "2450"]
[PlyCount "169"]
[EventDate "1977.12.04"]

1. c4 c5 2. Nf3 Nf6 3. Nc3 Nc6 4. g3 d5 5. cxd5 Nxd5 6. Bg2 Nc7 7. Qa4 Qd7 8.
O-O e5 9. a3 Rb8 10. e3 Be7 11. Rd1 Qf5 12. d3 Bd7 13. Qc2 O-O 14. b3 Rbc8 15.
Bb2 Qh5 16. Re1 Rfd8 17. Rac1 Be6 18. Ne4 Nd5 19. Qd1 Bg4 20. Nxc5 b6 21. Nb7
Re8 22. h3 Bxh3 23. Nxe5 Qxd1 24. Rexd1 Bxg2 25. Nxc6 Bf3 26. Rd2 Rc7 27. Nxe7+
Rexe7 28. Rxc7 Rxc7 29. Nd6 Ne7 30. Nb5 Rc5 31. Nd4 Bb7 32. b4 Rc8 33. Nb5 Ba6
34. Nd4 Bb7 35. e4 f6 36. f3 Kf7 37. Kf2 h5 38. Nb5 Rd8 39. Ke3 Ba6 40. Nd4 Re8
41. Rc2 Rc8 42. Rh2 Nc6 43. Rxh5 Nxd4 44. Bxd4 Rc2 45. Rh8 Bb5 46. a4 Be8 47.
a5 bxa5 48. bxa5 Ra2 49. Rh5 Ke6 50. Rc5 a6 51. g4 Bb5 52. Bc3 Rc2 53. Rc7 g5
54. Rc5 Kf7 55. Kd4 Rc1 56. Rd5 Rc2 57. Rd6 Rc1 58. Bd2 Rc6 59. Rd5 Rc7 60. Bc3
Rd7 61. Rxd7+ Bxd7 62. Ke3 Be6 63. d4 Bb3 64. Kd2 Ba4 65. d5 Bb3 66. Bd4 Bc4
67. Be3 Bb3 68. f4 gxf4 69. Bxf4 Kg6 70. Ke2 Bc2 71. Ke3 Bd1 72. g5 fxg5 73.
Bg3 Bc2 74. Kd4 Kf6 75. Bc7 Ke7 76. e5 Kd7 77. Bb8 Kc8 78. Bd6 Kd7 79. Kc5 g4
80. e6+ Kc8 81. Bg3 Bb3 82. Kd6 Bc4 83. Ke5 Bb3 84. d6 Ba4 85. d7+ 1-0